Контрольно-измерительные и регулирующие приборы в нефтяной промышленности: руководство к лабораторным работам; учебное пособие для студентов нефтяных специальностей вузов

Detalles Bibliográficos
Autor Principal: Геллер З. И. Зиновий Исаевич
Outros autores: Расторгуев Ю. Л. Юрий Леонидович, Судаков П. Е. Павел Евгеньевич
Idioma:ruso
Publicado: Ленинград, Недра, 1967
Edición:Изд. 2-е изд., перераб. и доп.
Subjects:
Formato: MixedMaterials Libro
KOHA link:https://koha.lib.tpu.ru/cgi-bin/koha/opac-detail.pl?biblionumber=102825

MARC

LEADER 00000nam0a2200000 4500
001 102825
005 20231031113127.0
035 |a (RuTPU)RU\TPU\book\110869 
035 |a RU\TPU\book\80676 
090 |a 102825 
100 |a 20061006d1967 m y0rusy50 ca 
101 0 |a rus 
102 |a RU 
105 |a a j 001zy 
200 1 |a Контрольно-измерительные и регулирующие приборы в нефтяной промышленности  |e руководство к лабораторным работам  |e учебное пособие для студентов нефтяных специальностей вузов  |f З. И. Геллер, Ю. Л. Расторгуев, П. Е. Судаков 
205 |a Изд. 2-е изд., перераб. и доп. 
205 |a 1-е изд. вышло под заголовком: Контрольно-измерительные и регулирующие приборы в нефтеперерабатывающей промышленности 
210 |a Ленинград  |c Недра  |d 1967 
215 |a 266 с.  |c ил. 
610 1 |a нефтеперерабатывающая промышленность 
610 1 |a контрольно-измерительные приборы 
610 1 |a регулирующие приборы 
610 1 |a измерительная аппаратура 
610 1 |a лабораторные работы 
610 1 |a учебные пособия 
675 |a 665.5.021(076.5)  |v 3 
700 1 |a Геллер  |b З. И.  |g Зиновий Исаевич 
701 1 |a Расторгуев  |b Ю. Л.  |g Юрий Леонидович 
701 1 |a Судаков  |b П. Е.  |g Павел Евгеньевич 
801 1 |a RU  |b 63413507  |c 20050330  |g PSBO 
801 2 |a RU  |b 63413507  |c 20220531  |g PSBO 
942 |c BK